00870cam a22002411 450000100060000000300080000600500170001400800410003103500190007203500180009104000290010904100110013808200230014910000320017224501450020426000460034930000210039549000260041650400360044265000660047865000490054465000350059329359BD-RjUL20211209051413.0720519s1965 nyu b 000 0 eng  a(BD-RjUL)29444 a(OCoLC)312895 aDLCcODaWUdBD-RjULbeng1 aengger a870.9003bAUL 19651 aAuerbach, Erichd1892-1957.10aLiterary language & its public in late Latin antiquity and in the Middle Ages /cErich Auerbach,Translated from the German by Ralph Manheim. aLondon :bRoutledge & Kegan Paul,cc1965. a405 p. ;c24 cm. aBollingen series,v74 aInclude bibliography and index. 0aLatin literature, Medieval and modernxHistory and criticism. 0aLiterature, MedievalxHistory and criticism. 0aLatin language, Postclassical.